000 00353 a2200157 4500
001 75975
020 _a
040 _cAnchieta - Colégio São Paulo
100 _aJornal do Brasil
240 1 0 _aO álbum dos presidentes
_lpor
245 1 0 _aO álbum dos presidentes
300 _a98
362 0 _a1989
650 4 _aHistória do Brasil
942 _cBK
999 _c75975
_d75975